Amateur astronomy
Contents: Foreword, astronomy as a hobby, the unfolding universe, telecopes and observatories, the solar system, the sun, the moon, occulations and eclipses, aurorae and the zodiacal light.
Αποθηκεύτηκε σε:
| Κύριος συγγραφέας: | |
|---|---|
| Μορφή: | Βιβλίο |
| Γλώσσα: | Undetermined |
| Έκδοση: |
New York
W. W. Norton
1968
|
| Θέματα: | |
| Ετικέτες: |
Προσθήκη ετικέτας
Δεν υπάρχουν, Καταχωρήστε ετικέτα πρώτοι!
|
| Thư viện lưu trữ: | Trung tâm Học liệu Trường Đại học Cần Thơ |
|---|
| LEADER | 00683nam a2200193Ia 4500 | ||
|---|---|---|---|
| 001 | CTU_19867 | ||
| 008 | 210402s9999 xx 000 0 und d | ||
| 082 | |a 520 | ||
| 082 | |b M821 | ||
| 100 | |a Moore, Patrick | ||
| 245 | 0 | |a Amateur astronomy | |
| 245 | 0 | |c Patrick Moore | |
| 260 | |a New York | ||
| 260 | |b W. W. Norton | ||
| 260 | |c 1968 | ||
| 520 | |a Contents: Foreword, astronomy as a hobby, the unfolding universe, telecopes and observatories, the solar system, the sun, the moon, occulations and eclipses, aurorae and the zodiacal light. | ||
| 650 | |a Astronomy,Thiên văn học | ||
| 904 | |i Minh,Gia Linh,Hải | ||
| 980 | |a Trung tâm Học liệu Trường Đại học Cần Thơ | ||